| 000 | 00644 a2200181 4500 | ||
|---|---|---|---|
| 020 | _a0471483877 | ||
| 020 | _a9780471483878 | ||
| 082 | 0 | 4 | _a515.35 |
| 090 |
_c1549 _d1549 |
||
| 100 | 1 | _aBorrelli, Robert L. | |
| 245 | 1 | 0 |
_aDifferential equations, matlab technology resource manual : _ba modeling perspective / _cRobert L. Borrelli, Courtney S. Coleman. |
| 250 | _a2nd ed. | ||
| 260 |
_a[S.l.] : _bWiley, _c2004. |
||
| 300 |
_a53 p. ; _c24 cm. |
||
| 700 | 1 | _aColeman, Courtney S. | |
| 942 |
_aSNS _cBK _k515.35 BOR |
||
| 999 |
_c30160 _d30160 |
||